| 000 | 00596nam a2200181Ia 4500 | ||
|---|---|---|---|
| 003 | GCL | ||
| 008 | 140319s9999 xx 000 0 eng d | ||
| 040 |
_aGCL / _cGCL |
||
| 082 | 0 | 4 |
_aP _b300.5 _bB P |
| 100 | 1 | _aBUTTERWORTH,CHARLES E | |
| 245 | 1 | 0 |
_a"PHILOSPHY,ETHUCS AND VIRTUOUS RULE: ASTUDY OF AVERROES,COMMENTARY ON PLATO ""REPUBLIC""" / _cBUTTERWORTH,CHARLES E |
| 260 |
_a[S.N] : _bAMERICAN UNIVERSITY IN CAIRO PRESS ، _c1986 |
||
| 300 | _a96 | ||
| 490 |
_aTHE WADSWORTH INTERNATIONAL DIMENSION OF BUSINESS _v0 |
||
| 650 | 0 | 4 | _aPERIODICALS |
| 650 | 0 | 4 | _aSOCIAL SCIENCE |
| 942 |
_2ddc _cCR |
||
| 999 |
_c25843 _d25843 |
||